00218nam a22000977a 4500003000400000082001400004100001700018245004500035260003200080300000800112SGT a823bMUN  aMUNRO ALICE  aSOMETHING I'VE BEEN MEANING TO TELL YOU  aLONDON bVINTAGE PUB c2014 a289